Statistiques concernant Les saisons dans le titre de films

Cliquez ici pour prendre le quiz!

Statistiques générales

  • Ce quiz a été pris 64 fois
  • Le résultat moyen est 6 sur 23

Statistiques - réponses

Titre Mot % Correct
Souviens toi l'été ....dernier
90%
Une .... a fait le printempshirondelle
87%
L'été en pente ...douce
78%
Un .... en hiversinge
68%
Hiver ...., l'abbé Pierre54
60%
L'été ...meurtrier
56%
L'été de nos .... ansquinze
40%
.... d'automnesonate
27%
Le .... d'un automnetemps
25%
Un printemps à ....Paris
19%
Un .... en hivercoeur
14%
Un été ...42
13%
... de printempsconte
11%
L' ... d'étéheure
6%
Hiver ...rouge
3%
Les ... du printempsmoissons
2%
.... l'hiveravant
2%
Un été sans ...histoires
2%
.... d'étécomédie
0%
L'hiver qui ....déchire
0%
Le bel été ...1914
0%
Hiver 42 au nom des ....enfants
0%
Le ... de l'étépassager
0%

Distribution des résultats

Percentile par nombre de réponses

% des personnes avec chaque résultat

Votre développement - résultats

Vous n’avez pas pris ce quiz